Las aves de los llanos de la orinoquía / (Registro nro. 7436)
[ vista simple ]
| 000 -CABECERA | |
|---|---|
| Campo de control | 01008nam a22002657a 4500 |
| 005 - FECHA Y HORA DE LA ULTIMA TRANSACCION | |
| Campo de control | 20161126020001.0 |
| 008 - ELEMENTOS DE LONGITUD FIJA—INFORMACION GENERAL | |
| Campo de control | 960523s2007 ck ao gr 00110dspa d |
| 015 ## - NATIONAL BIBLIOGRAPHY NUMBER | |
| National bibliography number | ck-2007-xxxx |
| 020 ## - ISBN | |
| ISBN | 9789584411013 |
| 041 0# - IDIOMA | |
| Código de idioma para texto/pista de sonido o título separado | Español |
| 082 04 - NUMERO DE CLASIFICACION DECIMAL DEWEY | |
| Número de clasificación | 598 |
| Número del ítem | M47a |
| 100 1# - ASIENTO PRINCIPAL--NOMBRE PERSONAL | |
| Nombre personal | McNish M., Thomas, |
| Fechas asociadas con el nombre | 1957- |
| 245 14 - MENCION DE TITULO | |
| Título | Las aves de los llanos de la orinoquía / |
| Mención de responsabilidad | Thomas Mcnish M. ; con prólogo de F. Gary Stiles ; fotografías de Francisco Nieto Montano ... [et al.]. |
| 260 3# - PUBLICACION, DISTRIBUCION, ETC. (PIE DE IMPRENTA) | |
| Lugar de publicación, distribución, etc. | Bogotá : |
| Nombre del editor, distribuidor, etc. | M&B Riqueza natural : |
| -- | Colombo Andina de Impresores, |
| Fecha de publicación, distribución, etc. | 2007. |
| 300 ## - DESCRIPCION FISICA | |
| Extensión | 302 p. : |
| Otros detalles físicos | il. ; |
| Dimensiones | 24 cm. |
| 500 ## - NOTA GENERAL | |
| Nota general | Incluye índice. |
| 500 ## - NOTA GENERAL | |
| Nota general | Glosario : p. 251-271. |
| 650 ## - ASIENTO SECUNDARIO DE MATERIA - TERMINO TEMATICO | |
| Término temático o nombre geográfico como elemento de entrada | Aves |
| Subdivisión geográfica | Orinoquía (Colombia) |
| 650 ## - ASIENTO SECUNDARIO DE MATERIA - TERMINO TEMATICO | |
| Término temático o nombre geográfico como elemento de entrada | Aves |
| Subdivisión general | Distribución geográfica |
| Subdivisión geográfica | Orinoquía (Colombia) |
| 650 ## - ASIENTO SECUNDARIO DE MATERIA - TERMINO TEMATICO | |
| Término temático o nombre geográfico como elemento de entrada | Aves |
| Subdivisión general | Clasificación |
| Subdivisión geográfica | Orinoquía (Colombia) |
| 700 12 - ASIENTO SECUNDARIO - NOMBRE PERSONAL | |
| Nombre personal | Stiles, F. Gary, |
| Término de relación | pról. |
| 700 12 - ASIENTO SECUNDARIO - NOMBRE PERSONAL | |
| Nombre personal | Nieto Montano, Francisco, |
| Término de relación | fot. |
| 942 ## - ELEMENTOS ADICIONALES (KOHA) | |
| Sistema de clasificación | Dewey Decimal Classification |
| Tipo de ítem | |
| Koha issues (borrowed), all copies | 3 |
| 949 ## - LOCAL PROCESSING INFORMATION (OCLC) | |
| a | |
| Withdrawn status | Lost status | Sistema de Clasificación | Damaged status | No para préstamo | Colección | Inventariado | Ubicación Permanente | Ubicación actual | Fecha de adquisición | Fuente de Valor | Valor | Total Checkouts | Total Renewals | Número topográfico | Inventario / Código de Barras | Date last seen | Date checked out | Ejemplar | Price effective from | Tipo de material |
|---|---|---|---|---|---|---|---|---|---|---|---|---|---|---|---|---|---|---|---|---|
| Dewey Decimal Classification | General | Inventariado 2017 | Bogotá | Bogotá | 24/07/2013 | Instituto | 39000.00 | 3 | 1 | LB 598 M47a | 028498 | 25/11/2016 | 25/11/2016 | Ej. 1 | 24/07/2013 | Libro |